Elementary Electricity ad Magnetism (Record no. 544446)
[ view plain ]
| 000 -LEADER | |
|---|---|
| fixed length control field | 00416nam a22001337a 4500 |
| 082 ## - DEWEY DECIMAL CLASSIFICATION NUMBER | |
| Classification number | 537 |
| Author Mark | HUT |
| -- | L-6, P-4 |
| 100 ## - MAIN ENTRY--PERSONAL NAME | |
| Personal name | Hutchinson, Robert W. |
| 9 (RLIN) | 39894 |
| 245 ## - TITLE STATEMENT | |
| Title | Elementary Electricity ad Magnetism |
| Statement of responsibility, etc. | Hutchinson, Robert W. |
| 260 ## - PUBLICATION, DISTRIBUTION, ETC. | |
| Place of publication, distribution, etc. | London |
| Name of publisher, distributor, etc. | University Tutorial press Ltd |
| Date of publication, distribution, etc. | 1934 |
| 300 ## - PHYSICAL DESCRIPTION | |
| Extent | vii, 469 p. : |
| Other physical details | ill, ; |
| Dimensions | 20 cm. |
| 526 ## - STUDY PROGRAM INFORMATION NOTE | |
| Program name | 0 |
| Interest level | 0 |
| Reading level | 0 |
| Title point value | 537_000000000000000_HUT |
| 650 ## - SUBJECT ADDED ENTRY--TOPICAL TERM | |
| Topical term or geographic name entry element | MCE |
| 9 (RLIN) | 379 |
| 942 ## - ADDED ENTRY ELEMENTS (KOHA) | |
| Source of classification or shelving scheme | |
| Koha item type | Book |
| Withdrawn status | Lost status | Source of classification or shelving scheme | Damaged status | Not for loan | Permanent Location | Current Location | Date acquired | Total Checkouts | Full call number | Barcode | Date last seen | Price effective from | Koha item type |
|---|---|---|---|---|---|---|---|---|---|---|---|---|---|
| Military College of Engineering (MCE) | Military College of Engineering (MCE) | 04/18/2014 | 537 HUT | MCE-40547 | 04/18/2014 | 04/18/2014 | Book |
